Open Data Biblioteca Nacional de Portugal


República Portuguesa: Ministério da Cultura
Biblioteca Nacional de Portugal

Catálogo da BNP: acesso por Identificadores Unívocos
Registos Bibliográficos associados ao registo de autoridade

Etiqueta de registo: 00000nam 2200025 450
001 1999478
003 http://id.bnportugal.gov.pt/bib/catbnp/1999478
010 ## $a978-989-707-596-4
021 ## $aPT$b434601/17
100 ## $a20180904d2018 c y0pory01030103ba
101 1# $apor$cfre
102 ## $aPT
105 ## $aa z 000fy
106 ## $ar
200 1# $a Os beijinhos do lobo mau$fJean Leroy$gil. Laurent Simon
205 ## $a1ª ed
210 #9 $aAmadora$cBooksmile,$d2018
215 ## $a[16] p.$cil.$d25 cm
304 ## $aTít. orig.: Les bisous du grand méchant loup
675 ## $a087.5$vBN$zpor$3287999
675 ## $a821.133.1-93"20"$vBN$zpor$31466894
675 ## $a821.133.1-34"20"$vBN$zpor$31049708
700 #1 $aLeroy,$bJean,$f1975-$31691568
701 #1 $aSimon,$bLaurent$4070$31017461
801 #0 $aPT$bBN$gRPC
856 41 $uhttp://rnod.bnportugal.gov.pt/ImagesBN/winlibimg.aspx?skey=&doc=1999478&img=113702&save=true
900 ## $aBIBNAC$d20180927
966 ## $lBN$mFGMON$sP. 51369 V.$x1

Etiqueta de registo: 00000nam 2200025 450
001 2009237
003 http://id.bnportugal.gov.pt/bib/catbnp/2009237
010 ## $a978-972-53-0615-4
021 ## $aPT$b445309/18
100 ## $a20181221d2018 c y0pory01030103ba
101 1# $apor$cfre
102 ## $aPT
105 ## $aa z 000fy
106 ## $ar
200 1# $a Os três pestinhas$fJean Leroy$gil. Matthieu Maudet$gtrad. Jorge Lima
205 ## $a1ª ed
210 #9 $aLisboa$cBizâncio,$d2018
215 ## $a[31] p.$cmuito il.$d27 cm
304 ## $aTít. orig.: Les trois petits casse-pieds
675 ## $a087.5$vBN$zpor$3287999
675 ## $a821.133.1-93"20"$vBN$zpor$31466894
675 ## $a821.133.1-34"20"$vBN$zpor$31049708
700 #1 $aLeroy,$bJean,$f1975-$31691568
702 #1 $aMaudet,$bMatthieu$4440$31736406
702 #1 $94$aLima,$bJorge$4730$3101851
801 #0 $aPT$bBN$gRPC
856 41 $uhttp://rnod.bnportugal.gov.pt/ImagesBN/winlibimg.aspx?skey=&doc=2009237&img=118699&save=true
900 ## $aBIBNAC$d20190111
966 ## $lBN$mFGMON$sP. 52062 V.$x1
966 ## $lBN$mFGMON$sP. 52062 V.-D$x1

Etiqueta de registo: 00000nam 2200025 450
001 2039194
003 http://id.bnportugal.gov.pt/bib/catbnp/2039194
010 ## $a978-989-8864-86-4
021 ## $aPT$b455681/19
100 ## $a20200128d2020 c y0pory01030103ba
101 1# $apor$cfre
102 ## $aPT
105 ## $aa z 000fy
106 ## $ar
200 1# $a O lobo mau está doente!$fJean Leroy$gil. Laurent Simon
205 ## $a1ª ed
210 #9 $a[S.l.]$cBooksmile,$d2020
215 ## $a[14] p.$ctodo il.$d25 cm
304 ## $aTít. orig.: Le grand méchand loup est malade
675 ## $a087.5$vBN$zpor$3287999
675 ## $a821.133.1-93"20"$vBN$zpor$31466894
675 ## $a821.133.1-34"20"$vBN$zpor$31049708
700 #1 $aLeroy,$bJean,$f1975-$31691568
702 #1 $aSimon,$bLaurent$4440$31017461
801 #0 $aPT$bBN$gRPC
856 41 $uhttp://rnod.bnportugal.gov.pt/ImagesBN/winlibimg.aspx?skey=&doc=2039194&img=135198&save=true
900 ## $aBIBNAC$d20200210
966 ## $lBN$mFGMON$sP. 55070 V.$x1
966 ## $lBN$mFGMON$sP. 55070 V.-D$x1

OpendataBNP@bnportugal.pt | Mais informação sobre acesso aos dados BNP